000 00645nam a2200241Ia 4500
003 GCL
008 140319s9999 xx 000 0 eng d
040 _aGCL /
_cGCL
082 0 4 _aCC
_b050-241
_bC C
100 1 _aCERNY J
245 1 0 _aCOLLECTION SCIENTIFIQUE: GRAFFITI DE LA MONTAGNE THEBAINE,TOME 1\2 /
_cCERNY J
700 1 _aعبدالحكيم فودة
700 1 _aM. KURZ
700 1 _aR.COQUE
700 1 _aDESROCHES - NEBLECOURT, CHRISTIANE
260 _a[S.N] :
_bC E D A E ،
_c1971
300 _a55+130+187 PL.
650 0 4 _aEGYPT
650 0 4 _aHISTORY
650 0 4 _aTHEBES
650 0 4 _aCOLLECTIONS
942 _2ddc
_cBK
999 _c18254
_d18254